[Event "Politiken Cup 33rd"]
[Site "Helsingor"]
[Date "2011.07.31"]
[Round "2"]
[White "Sjol, Henrik"]
[Black "Elzubeir, Omar"]
[Result "1-0"]
[WhiteElo "1880"]
[BlackElo "1497"]
[PlyCount "67"]
[EventDate "2011.07.30"]
[EventType "swiss"]
[EventRounds "10"]
[EventCountry "DEN"]
[SourceTitle "CBM 143 Extra"]
[Source "ChessBase"]
[SourceDate "2011.08.29"]
[SourceVersion "1"]
[SourceVersionDate "2011.08.29"]
[SourceQuality "1"]

1. d4 Nf6 2. Nf3 g6 3. g3 d5 4. Bg2 Bg7 5. 0-0 0-0 6. c4 c6 7. Nc3 dxc4 8. Ne5 Nd5 9. Nxc4 Bg4 10. h3 Be6 11. Ne3 Qd7 12. Nexd5 cxd5 13. Kh2 Nc6 14. e3 f5 15. Bd2 Rad8 16. Rc1 Bf7 17. Ne2 e5 18. dxe5 Bxe5 19. Bc3 d4 20. Bxc6 bxc6 21. Bxd4 Bxd4 22. Nxd4 Bd5 23. Qc2 Rc8 24. Rfd1 Qb7 25. Nb3 Rb8 26. Qc3 Bxb3 27. axb3 Qxb3 28. Qxb3+ Rxb3 29. Rxc6 Rxb2 30. Kg1 Rfb8 31. Rd7 Ra2 32. Rcc7 Ra1+ 33. Kg2 Rab1 34. Rg7+ 1-0

[Event "Politiken Cup 33rd"]
[Site "Helsingor"]
[Date "2011.07.30"]
[Round "1"]
[White "Elzubeir, Omar"]
[Black "Taksrud, Vidar"]
[Result "0-1"]
[WhiteElo "1497"]
[BlackElo "2074"]
[PlyCount "56"]
[EventDate "2011.07.30"]
[EventType "swiss"]
[EventRounds "10"]
[EventCountry "DEN"]
[SourceTitle "CBM 143 Extra"]
[Source "ChessBase"]
[SourceDate "2011.08.29"]
[SourceVersion "1"]
[SourceVersionDate "2011.08.29"]
[SourceQuality "1"]

1. d4 d5 2. c4 c6 3. Nf3 Nf6 4. Nc3 e6 5. e3 Nbd7 6. Bd3 Be7 7. 0-0 0-0 8. Qc2 Re8 9. c5 Qc7 10. Ng5 h6 11. Bh7+ Kf8 12. Nxf7 Nxh7 13. Nh8 Kg8 14. Ng6 Nhf6 15. Nxe7+ Rxe7 16. f4 Nf8 17. Rf3 Bd7 18. Bd2 Be8 19. Raf1 Bg6 20. f5 exf5 21. Rxf5 Ng4 22. g3 Bxf5 23. Qxf5 Nxe3 24. Bxe3 Rxe3 25. Rf2 Rae8 26. Kg2 Qd7 27. g4 Qxf5 28. Rxf5 Ne6 0-1